000 00746nam a2200229 a 4500
001 BRCA_445
005 20190320203019.0
008 290705s1988----sp-a---###---#000-0#spa-d
020 _a8420670057
041 _aspa
050 4 _aN5300
_b.G64 1988
100 1 _aGombrich, Ernest Hans
_91524
245 1 0 _aHistoria del arte
_cErnest Hans Gombrich ; versión española de Rafael Santos Torroella.
260 _aMadrid
_bAlianza
_c1988
300 _a550 p.
_bil. (algunas a color)
_c23 cm.
440 0 _aAlianza forma
_v5
_91525
500 _aIncluye una nota sobre libros de arte e índice alfabético
500 _aTraducción de: The Story of Art
650 1 4 _aArte
_xHistoria
_91526
700 1 _aSantos Torroella, Rafael
_91527
942 _2lcc
_cB
999 _c380
_d380